000 01164nam a2200301 c 4500
999 _c47563
_d47563
003 BLK
005 20211202091004.0
008 180408b bul|||||r ||||||| ||bul||
010 _aKNG00051375000
040 _aBLK
041 _aBUL
_cBUL
080 _aЦиментова промишленост - Портландцимент, шлаков, пуцоланов, бързовтвърдяващ се, огнеупорен и др. цименти
_b666.94
_z666.94
100 1 _aБъчваров, Христо Д.
_eпърви автор
_9281468
139 _aБъчваров, Христо Д.
_bБ 94
245 1 0 _aЦимент
_cХристо Д. Бъчваров.
257 _aBGR
260 _bТехника
_c1960
300 _a340 с.
_bс ил.
_c25 см
380 _a62
500 _aБиблиогр. с. 329-330. -1 084 тир.
650 4 _aЦиментово производство - технология
_9177313
653 _aцимент
852 _aЦб 15898
856 4 _qpdf
856 4 _qpdf
942 _cKNG
_n0
_s1
944 _aCR
_c01.09.2016
_kСевдалина_Василева
944 _aED
_c01.09.2016
_kСевдалина_Василева
999 _d47563